000 00931nam a2200301 a 4500
001 000009915
003 DO-SdBNP
005 20240912110735.0
007 ta
008 091002s1999 dr a 000 p spa d
040 _aDO-SdBNP
_bspa
_cBNPHU
082 4 _aRD861.44
_bM351c
_222
100 1 _aMármol, José,
_d1960-
_96454
245 1 0 _aCriatura del aire /
_cJosé Mármol ; ilustraciones Ada Balcácer.
260 _aSanto Domingo :
_fAmigo del Hogar,
_c1999.
_bAmigo del Hogar,
300 _a83 p. :
_bil. ;
_c23 cm.
490 _aEgro
490 _aNueva etapa
500 _aIncluye datos biográficos del autor en las solapas
590 _aInventariado, 2018/LP
650 4 _aPoesía dominicana
_966
650 0 _aLiteratura dominicana.
_967
700 _aBalcácer, Ada
_eil.
_924847
830 0 _aEgro
_919710
830 0 _aNueva etapa
_981355
910 _aValidado. Control de calidad. MMOLINA
942 _2ddc
_cLBS1
999 _c9674
_d9674